El niño abandonado en Chile: la herencia del régimen militar
Gespeichert in:
| 1. Verfasser: | |
|---|---|
| Format: | Buch |
| Sprache: | Spanisch |
| Veröffentlicht: |
Santiago
Arlequin
1990
|
| Ausgabe: | 2a. ed |
| Schlagworte: | |
| Tags: |
Tag hinzufügen
Keine Tags, Fügen Sie den ersten Tag hinzu!
|
MARC
| LEADER | 00000nam a2200000 a 4500 | ||
|---|---|---|---|
| 001 | UCX2972 | ||
| 003 | CL-VaPUC | ||
| 008 | 910910e19900000CL |||||||||||||||||spa|d | ||
| 082 | 0 | 4 | |a 362.7 |b TOR |2 21 |
| 100 | 0 | |a Torres G., Osvaldo |e author |9 319098 | |
| 245 | 1 | 3 | |a El niño abandonado en Chile: la herencia del régimen militar |
| 250 | |a 2a. ed | ||
| 300 | |a 143 p | ||
| 942 | |c BK | ||
| 945 | |d 19910910 00:00:00 | ||
| 260 | |a Santiago |b Arlequin |c 1990 | ||
| 650 | 7 | |a NIÑOS ABANDONADOS |2 CL-VaPUC |9 307993 | |
| 650 | 7 | |a NIÑOS CONDICIONES SOCIALES |2 CL-VaPUC |9 311335 | |
| 651 | 7 | |a CHILE |2 CL-VaPUC |9 319099 | |
| 583 | |a last modification |c 19910910 00:00:00 |k Rodrigo Vera | ||
| 999 | |c 223865 |d 223863 | ||
| 952 | |0 0 |1 0 |4 0 |6 362_700000000000000_TOR_1990 |7 0 |8 A |9 220090 |a BIBGIM |b BIBGIM |d 2019-11-15 |i 2887614 |o 362.7 TOR 1990 |p 2887614 |r 2025-01-15 |w 2019-11-15 |y BK |k SSL | ||
| 952 | |0 0 |1 0 |4 0 |6 362_700000000000000_TOR_1990 |7 0 |8 A |9 220091 |a BIBGIM |b BIBGIM |d 2019-11-15 |i 2887622 |l 1 |o 362.7 TOR 1990 |p 2887622 |r 2025-01-15 |s 2020-12-15 |w 2019-11-15 |y BK |k SSL | ||